[Event "Ideal Clave op"]
[Site "Barcelona"]
[Date "1997.09.27"]
[Round "1"]
[White "Dominguez Ramos, Alejandro"]
[Black "Subirachs Mancebo, Guillem"]
[Result "1-0"]
[WhiteElo "2025"]
[BlackElo "1860"]
[PlyCount "73"]
[EventDate "1997.09.??"]
[EventType "swiss"]
[EventRounds "9"]
[EventCountry "ESP"]
[SourceTitle "EXT 2003"]
[Source "ChessBase"]
[SourceDate "2002.11.25"]
[SourceVersion "1"]
[SourceVersionDate "2002.11.25"]
[SourceQuality "1"]

1. e4 e5 2. Nf3 Nc6 3. Bb5 a6 4. Ba4 Nf6 5. 0-0 b5 6. Bb3 Be7 7. Re1 0-0 8. a4 Bb7 9. axb5 axb5 10. Rxa8 Qxa8 11. d3 d6 12. c3 Nd8 13. Nbd2 Ne6 14. Bxe6 fxe6 15. Ng5 Qa2 16. Nb3 Bc8 17. Qc2 h6 18. Nf3 Bd7 19. Bxh6 Qa8 20. Bg5 Qe8 21. d4 exd4 22. cxd4 Nh5 23. Nbd2 Bxg5 24. Nxg5 Qg6 25. Ndf3 c6 26. Rc1 Qh6 27. Ra1 Nf6 28. Ra7 Rd8 29. e5 Ng4 30. Qd2 Qg6 31. g3 d5 32. Nh4 Qb1+ 33. Kg2 Nh6 34. Qa5 Rf8 35. Rxd7 Qxb2 36. Qe1 Ng4 37. Nhf3 1-0

[Event "Sant Boi op"]
[Site "Sant Boi de Llobregat"]
[Date "1996.??.??"]
[Round "?"]
[White "Exposito Amaro, Josue"]
[Black "Dominguez Ramos, Alejandro"]
[Result "0-1"]
[WhiteElo "2130"]
[BlackElo "2010"]
[PlyCount "85"]
[EventDate "1996.??.??"]
[EventType "swiss"]
[EventRounds "9"]
[EventCountry "ESP"]
[SourceTitle "EXT 2003"]
[Source "ChessBase"]
[SourceDate "2002.11.25"]
[SourceVersion "1"]
[SourceVersionDate "2002.11.25"]
[SourceQuality "1"]

1. e4 e5 2. Nf3 Nc6 3. Bc4 Nf6 4. Ng5 d5 5. exd5 Na5 6. Bb5+ c6 7. dxc6 bxc6 8. Be2 Rb8 9. d3 h6 10. Ne4 Nd5 11. 0-0 Be7 12. c4 Nc7 13. Qa4 Nb7 14. Qxa7 Be6 15. Qe3 0-0 16. Qg3 Nd6 17. Nxd6 Bxd6 18. Bxh6 Qf6 19. Bc1 Bf5 20. Qf3 Ne6 21. Nc3 Nd4 22. Qg3 e4 23. Bf4 Bxf4 24. Qxf4 Rxb2 25. dxe4 Rxe2 26. exf5 Rc2 27. Rad1 c5 28. Rxd4 Qxd4 29. Qxd4 cxd4 30. Nd5 Rxc4 31. f3 Rd8 32. Ne7+ Kf8 33. f6 g6 34. g4 d3 35. Rd1 Rc2 36. a4 Rd6 37. g5 Ke8 38. a5 Kd8 39. a6 Ra2 40. f4 Raxa6 41. f5 Ra4 42. fxg6 Rg4+ 43. Kf2 0-1